| 000 | 00351nam a2200133Ia 4500 | ||
|---|---|---|---|
| 005 | 20260328101514.0 | ||
| 008 | 260328s9999||||xx |||||||||||||| ||und|| | ||
| 100 | _aBou, Louis | ||
| 245 | 0 |
_aWe are paper toys! : _b Print, cut, fold, glue, fun! / _cLouis Bou |
|
| 260 | _bCollins Design | ||
| 300 | _a208 p. | ||
| 650 | _aDISEÑO INDUSTRIAL | ||
| 942 | _cBK | ||
| 999 |
_c9325 _d9325 |
||